| 000 | 00577nam a2200193Ia 4500 | ||
|---|---|---|---|
| 005 | 20250508151133.0 | ||
| 008 | 008 250505s9999 xx 000 0 eng d | ||
| 037 | _aBooks to be hide in OPAC | ||
| 040 |
_aFEDL _beng _cFEDL |
||
| 041 |
_aeng _2eng |
||
| 084 |
_a759.954, ARC/O _qFEDL |
||
| 100 | _aArcher W G | ||
| 245 | 0 | _aIndian painting in the Punjab hills: Essays | |
| 260 |
_aLondon, UK _bHis Majesty's Stationery Office _c1952 |
||
| 300 | _a98p. | ||
| 490 | _aVictoria and albert museum | ||
| 942 |
_cHB _h759.954, ARC/O |
||
| 999 |
_c1327816 _d1327816 |
||